<?xml version="1.0" encoding="UTF-8"?><?xml-stylesheet type="text/xsl" href="static/style.xsl"?><OAI-PMH xmlns="http://www.openarchives.org/OAI/2.0/" xmlns:xsi="http://www.w3.org/2001/XMLSchema-instance" xsi:schemaLocation="http://www.openarchives.org/OAI/2.0/ http://www.openarchives.org/OAI/2.0/OAI-PMH.xsd"><responseDate>2026-04-27T20:23:40Z</responseDate><request verb="GetRecord" identifier="oai:uvadoc.uva.es:10324/29341" metadataPrefix="marc">https://uvadoc.uva.es/oai/request</request><GetRecord><record><header><identifier>oai:uvadoc.uva.es:10324/29341</identifier><datestamp>2022-03-30T07:27:49Z</datestamp><setSpec>com_10324_38</setSpec><setSpec>col_10324_852</setSpec></header><metadata><record xmlns="http://www.loc.gov/MARC21/slim" xmlns:doc="http://www.lyncode.com/xoai" xmlns:xsi="http://www.w3.org/2001/XMLSchema-instance" xmlns:dcterms="http://purl.org/dc/terms/" xsi:schemaLocation="http://www.loc.gov/MARC21/slim http://www.loc.gov/standards/marcxml/schema/MARC21slim.xsd">
<leader>00925njm 22002777a 4500</leader>
<datafield tag="042" ind1=" " ind2=" ">
<subfield code="a">dc</subfield>
</datafield>
<datafield tag="720" ind1=" " ind2=" ">
<subfield code="a">López Muñoz, José</subfield>
<subfield code="e">author</subfield>
</datafield>
<datafield tag="720" ind1=" " ind2=" ">
<subfield code="a">Riber Muñoz, María</subfield>
<subfield code="e">author</subfield>
</datafield>
<datafield tag="720" ind1=" " ind2=" ">
<subfield code="a">Tejero Martínez, Ángel Jesús</subfield>
<subfield code="e">author</subfield>
</datafield>
<datafield tag="260" ind1=" " ind2=" ">
<subfield code="c">2018</subfield>
</datafield>
<datafield tag="520" ind1=" " ind2=" ">
<subfield code="a">Se presenta un proyecto audiovisual compuesto por Spot, gráficas, banner y marco teórico sobre el nuevo Smart Electric Drive. Se materializa un concepto de campaña emocional, con la intención de conectar con el consumidor de una forma más profunda. Para ello utilizamos un concepto social, los estereotipos, para derribar aquellas imágenes preestablecidas en el imaginario social. Desde una perspectiva como es el humor, respetando el estilo de comunicación de Smart.</subfield>
</datafield>
<datafield tag="024" ind2=" " ind1="8">
<subfield code="a">http://uvadoc.uva.es/handle/10324/29341</subfield>
</datafield>
<datafield ind1=" " ind2=" " tag="653">
<subfield code="a">Campañas publicitarias - Creatividad</subfield>
</datafield>
<datafield tag="245" ind1="0" ind2="0">
<subfield code="a">SMART. Lo importante de ser diferente es querer serlo</subfield>
</datafield>
</record></metadata></record></GetRecord></OAI-PMH>